| 000 | 00000nam 2200000zi 4500 |
| 001 | 9.946749 |
| 003 | CaOODSP |
| 005 | 20250303103444 |
| 006 | m o d f |
| 007 | cr |n||||||||| |
| 008 | 250110s1950 oncab o f000 0 eng d |
| 040 | |aCaOODSP|beng|erda|cCaOODSP |
| 043 | |an-cn-ab |
| 086 | 1 |aA52-217/1950E-PDF |
| 086 | 1 |zA51-136E-PDF |
| 100 | 1 |aLowe, Victor J., |eauthor. |
| 245 | 10|aDominion Experimental Substation, Fort Vermilion, Alberta : |bprogress report, 1939-1948 / |cVictor J. Lowe. |
| 246 | 16|aDominion Experimental Substation, Fort Vermilion, Alta. : |bresults of experiments, 1939-1948 |
| 264 | 1|aOttawa, Canada : |bMinister of Agriculture, |c[1950] |
| 300 | |a1 online resource (40 pages) : |billustrations, map |
| 336 | |atext|btxt|2rdacontent |
| 337 | |acomputer|bc|2rdamedia |
| 338 | |aonline resource|bcr|2rdacarrier |
| 500 | |aDigitized edition from print [provided by Agriculture and Agri-Food Canada]. |
| 610 | 25|bDominion Experimental Substation (Fort Vermilion, Alta.) |
| 610 | 25|aDominion Experimental Substation (Fort Vermilion, Alb.) |
| 650 | 0|aAgricultural experiment stations|zAlberta|zFort Vermilion. |
| 650 | 6|aStations agronomiques|zAlberta|zFort Vermilion. |
| 710 | 2 |bDominion Experimental Substation (Fort Vermilion, Alta.), |eissuing body. |
| 710 | 1 |aCanada. |bExperimental Farms Service, |eissuing body. |
| 856 | 40|qPDF|s12.90 MB|uhttps://publications.gc.ca/collections/collection_2025/aac-aafc/A51-136-1948-eng.pdf |
| 986 | |a5M—14257-11:50 |